Dôvodová správa k programu Čisté ruky

Dôvodová správa k programu Čisté ruky. Boj proti korupcii. Korupčné súdne konanie podľa príslušných predpisov: v oblasti občianskoprávnej, trestnoprávnej a podľa Colného zákona. Zákonné ustanovenia o predchádzaní stretu záujmov.

Gespeichert in:
Bibliographische Detailangaben
Format: Buchkapitel
Sprache:Slowakisch
Schlagworte:
Tags: Tag hinzufügen
Keine Tags, Fügen Sie das erste Tag hinzu!

MARC

LEADER 00000naa a2200000 4500
001 r018148
005 20221213100116.4
041 0 |a slo 
044 |a SK 
245 1 0 |a Dôvodová správa k programu Čisté ruky 
520 |a Dôvodová správa k programu Čisté ruky. Boj proti korupcii. Korupčné súdne konanie podľa príslušných predpisov: v oblasti občianskoprávnej, trestnoprávnej a podľa Colného zákona. Zákonné ustanovenia o predchádzaní stretu záujmov. 
610 2 0 |a programy vládne 
610 2 0 |a korupcia 
610 2 0 |a konanie súdne občianske 
610 2 0 |a právo trestné 
610 2 0 |a zákony 
610 2 0 |a clá